00542nam a22001937a 450000500170000001000110001702000100002803500110003803700160004904000120006508200150007724500930009226000340018527000460021930000370026565000110030265000180031370000170033120170124110255.0 a710993 c20.00 a710993 bCen Lib/Ret aDPLbEN a915.4bHIL aHill resorts of India and Nepal :cedited by A.C.Khanna...[et al.]ba travellers guide / aNew DelhibNest & Wingsc1972 aF-5, Hauz Khas EnclavebNew Delhie110001 aVarious pages. :c20cm(Hb)bill. aTravel aNepal zIndia aKhanna, A.C.